Biblioteca

Inspiración y revelación (Registro nro. 69470)

Detalles MARC
000 -LÍDER
Campo fijo de descripción fija 01082nab a2200205 i 4500
001 - NÚMERO DE CONTROL
Campo de control 768714001
003 - IDENTIFICADOR DEL NÚMERO DE CONTROL
Campo de control CO-MdFUSB
005 - FECHA Y HORA DE LA ULTIMA TRANSACCIÓN
control field 20240506110555.0
008 - ELEMENTOS DE LONGITUD FIJA -- INFORMACIÓN GENERAL
Campo fijo de descripción fija -- Información general 240502t1965 sp ||||| |||| 00| 0 spa d
040 ## - FUENTE DE CATALOGACIÓN
Idioma de catalogación spa
Agencia que realiza la transcripción CO-MdFUSB
Agencia que realiza la modificación CO-MdFUSB
041 ## - CÓDIGO DE IDIOMA
Código de idioma para texto/pista de sonido o título separado spa
100 ## - ASIENTO PRINCIPAL--NOMBRE PERSONAL
Nombre personal Benoît, Pierre,
Término relacionador autor
245 ## - TÍTULO
Título Inspiración y revelación
Mención de responsabilidad / Pierre Benoît
520 ## - NOTA DE RESUMEN, ETC.
Nota de sumario, etc. Esta nota habla de la fe de la Iglesia y declaraciones del Magisterio. Según el autor, la iglesia siempre ha sostenido que tiene una Sagrada Escritura que anima a la escucha de la palabra de Dios, de su fe y de sus acciones. La Iglesia es el pueblo santo que vivió, pronunció la Palabra y produjo la Escritura. Establecida por Cristo para conservar y proponer todos los hombres hasta el fin del mundo.
650 #7 - ASIENTO SECUNDARIO DE MATERIA - TERMINO TEMÁTICO
Término temático o nombre geográfico como elemento de entrada Iglesia
9 (RLIN) 655
653 ## - TÉRMINO DE INDIZACIÓN - NO CONTROLADO
Término no controlado Revelación bíblica
773 0# - ASIENTO DE ITEM FUENTE
Biblionumber 49450
Itemnumber 82568
Otro identificador del ítem R2500
Título Revista internacional de teología Concilium
Número de control del registro (CO-MdFUSB)8
Número Internacional Normalizado para Publicaciones Seriadas (ISSN) 0210-1041
Parte(s) relacionada(s) / Volumen., número. (mes año), páginas Número 10, (diciembre, 1965), páginas: 13 - 32
Enumeración y primera página página: 13
942 ## - TIPO DE MATERIAL (KOHA)
Tipo de Item KOHA Artículos de Revista
945 ## - INFORMACIÓN LOCAL DEL REGISTRO
Catalogador Catherine Arias Álvarez practicante SENA

No hay ítems disponibles.

Biblioteca FUSBC | Teléfono: (57+4) 349 88 10 Ext. 141| WhatsApp (+57) 3005338115 
E-mail: biblioteca@unisbc.edu.co | Calle 76 87-14 Robledo Palenque, Medellín, Colombia

Con tecnología Koha